01708nam a2200457 i 450000100060000000300080000600500170001400600190003100700150005000800410006502000270010603500230013303500240015603500250018003500210020504000310022605000220025708000120027908200150029124500870030626400980039330000410049133600310053233700330056333800430059649000290063950400290066858801270069759001590082465000160098365000170099965000130101665100140102965100140104365500270105770000380108479700190112283000300114185600620117199900170123360292FlNmELB20241217142055.0m o d | cr cnu||||||||151203s2012 sp ob 000 0 spa d a9788480219495 (e book) a(MiAaPQ)EBC4184231 a(Au-PeEL)EBL4184231 a(CaPaEBR)ebr11126516 a(OCoLC)949155790 aFINmELBbspaerdacFINmELB 4aKKT68bD5798 2012 a34(460)0 a349.4622300aDiálogos jurídicos España-México.nvol. 4 /cCristina Pauner Chulvi (ed.). 1aCastelló de la Plana :bUniversitat Jaume I. Servei de Comunicació i Publicacions,c2012. a1 recurso en línea (296 páginas) atextobtxt2rdacontent/spa acomputadorabc2rdamedia/spa arecurso en líneabcr2rdacarrier/spa1 aEstudis jurídics ;v19 aContiene bibliografía. aDescripción basada en recurso en línea; Título de la página del título en PDF (e-libro, visto December 3, 2015). aRecurso electronico. Santa Fe, Arg. : e-libro, 2014. Disponible via World Wide Web. El acceso puede ser limitado para las bibliotecas afiliadas a e-libro. 0aLawzSpain. 0aLawzMexico. 4aDerecho. 4aMéxico. 4aEspaña. 4aLibros electrónicos.1 aPauner Chulvi, Cristina,eeditor.2 ae-libro, Corp. 0aEstudis jurídics ;v19.40uhttps://elibro.net/ereader/politecnicointernacional/53304 c60292d60292